NBA Player Quiz by face - Statistics

General Stats
  • This quiz has been taken 2,149 times
  • The average score is 12 of 15
Answer Stats
Picture Answer % Correct
Allen Iverson
97%
Lebron James
93%
Rajon Rondo
93%
Russell Westbrook
92%
Paul George
90%
Kobe Bryant
89%
Michael Jordan
89%
Wilt Chamberlain
87%
Yao Ming
87%
Tim Duncan
86%
Bill Walton
78%
Derrick Rose
78%
Kevin Durant
67%
Joel Embid
33%
Karrem Abdul-Jabbar
8%
No matching quizzes found
Score Distribution
Percent of People with Each Score
Percentile by Number Answered
Your Score History
You have not taken this quiz